000 00491nam a2200205Ia 4500
008 210210b1911 xxu||||| |||| 00| 0 eng d
041 _aeng
082 _a515/147
100 _aWARREN (A T)
245 _aExperimental and theoretical course of geometry
260 _aOxford
_bAt the Clarendon Press
_c1911
650 _atheoretical
650 _aof
650 _ageometry
650 _aExperimental
650 _acourse
650 _aand
690 _aGeometry
906 _a007711
999 _c140329
_d140329